000 00646cam a2200229 4500
001 J505
008 090401t1991 xxu||||| |||| 00| 0 eng d
035 _a(Sirsi) u75352
041 _aeng
050 _a690.071
100 _aHarris, F.C.
245 _aSome views on education and training in the construction industry
260 _aAscot, Berks.
_bChartered Institute of Building
_c1991
300 _a4p. ; 30cm.
350 _a3.5
490 _aTechnical Information Service
_v140
650 _aBUILDING INDUSTRY
690 _aBUILT ENVIRONMENT
710 _aChartered Institute of Building
_92134
942 _n0
948 _c04/03/1997
999 _c95997
_d95997